000 00607cam a22002053a 4500
001 44979
003 PGUSA
005 20140828084028.0
008 140222s2014||||xxu|||||s|||||000 | eng d
040 _aPGUSA
_beng
042 _adc
100 1 _aFischer, Henry W.
_q(Henry William),
_d1856-1932
245 1 4 _aThe Secret Memoirs of Bertha Krupp
_h[electronic resource] /
_cHenry W. Fischer
260 _bProject Gutenberg,
_c2014
506 _aPublic domain in the USA.
516 _aElectronic text
830 0 _aProject Gutenberg
_v44979
856 4 0 _uhttp://www.gutenberg.org/ebooks/44979
942 _cEB
999 _c274230
_d274230